[Event "European Rapid Championship"]
[Site "Warsaw POL"]
[Date "2010.12.19"]
[Round "11"]
[White "Dobrowolski,P"]
[Black "Gruvaeus,C"]
[Result "0-1"]
[WhiteElo "2423"]
[BlackElo "2233"]

1.e4 g6 2.d4 Bg7 3.Nc3 d6 4.f4 a6 5.Nf3 Nd7 6.Bd3 c5 7.Ne2 cxd4 8.Nexd4 Ngf6
9.e5 dxe5 10.fxe5 Nxe5 11.O-O O-O 12.Bf4 Nd5 13.Bg5 h6 14.Bc1 Nxd3 15.Qxd3 e5
16.Nb3 Be6 17.Qe2 Qc7 18.Kh1 Rfe8 19.c3 Nf4 20.Bxf4 Bc4 21.Qd2 Rad8 22.Qc1 Bxf1
23.Bxh6 Be2 24.Qe3 Rd1+ 25.Rxd1 Bxd1 26.Bxg7 Kxg7 27.Nc5 Bxf3 28.gxf3 Rd8
29.Kg2 Qd6 30.Ne4 Qe7 31.Nf2 f5 32.Kg1 Rd5 33.Kg2 Qc5 34.Qg5 Rd7 35.a3 Qd6
36.Qe3 b5 37.Kf1 Qd5 38.Kg2 Re7 39.Kf1 e4 40.fxe4 fxe4 41.Kg2 Qe5 42.Ng4 Qd6
43.Qh6+ Kg8 44.Qg5 Re6 45.Nh6+ Kh7 46.Ng4 Qe7 47.Qh6+ Kg8 48.Qe3 Qf8 49.h3 Qd8
50.Nh6+ Kh7 51.Ng4 Qf8 52.Qa7+ Re7 53.Qd4 Qf3+ 54.Kh2 Rf7 55.Qd5 e3 56.Nxe3 Qxd5
57.Nxd5 Rf2+ 58.Kg3 Rxb2 59.Nb4 Rb3  0-1

[Event "European Rapid Championship"]
[Site "Warsaw POL"]
[Date "2010.12.19"]
[Round "13"]
[White "Janaszak,Daw"]
[Black "Gruvaeus,C"]
[Result "1-0"]
[WhiteElo "2319"]
[BlackElo "2233"]

1.e4 g6 2.d4 Bg7 3.Nc3 d6 4.g3 Nf6 5.Bg2 O-O 6.Nge2 e5 7.O-O Nbd7 8.h3 Qe7
9.f4 exd4 10.Nxd4 Nb6 11.a4 a5 12.Kh2 Nfd7 13.b3 Nc5 14.Bb2 Bd7 15.Qd2 Ne6
16.Nde2 Nc5 17.Rae1 Bc6 18.Nd4 Qd7 19.f5 Be5 20.f6 Qd8 21.Qh6 Bxf6 22.Rxf6 Qxf6
23.Nxc6 Nbd7 24.Ne7+ Kh8 25.Rf1 Qg7 26.Qxg7+ Kxg7 27.Ncd5+ Ne5 28.Nxc7 Rad8
29.Ned5 Rd7 30.Nb5 f6 31.Bc3 h5 32.Bxa5 h4 33.g4 Ne6 34.Bb4 Nc6 35.Bxd6 Rff7
36.Ba3 Ned4 37.Bb2 Nxc2 38.g5 N2b4 39.gxf6+ Kh7 40.Nxb4 Nxb4 41.e5  1-0

[Event "European Rapid Championship"]
[Site "Warsaw POL"]
[Date "2010.12.19"]
[Round "13"]
[White "Okhotnik,V"]
[Black "Markowski,T"]
[Result "1-0"]
[WhiteElo "2428"]
[BlackElo "2625"]

1.e4 d6 2.d4 g6 3.Nc3 Bg7 4.Nf3 a6 5.a4 b6 6.Be2 Bb7 7.O-O Nf6 8.e5 dxe5
9.dxe5 Qxd1 10.Rxd1 Nfd7 11.e6 fxe6 12.Ng5 Nc5 13.Bc4 Nbd7 14.Nxe6 Nxe6 15.Bxe6 Nc5
16.Bc4 Bxc3 17.bxc3 Ne4 18.Bh6 Nd6 19.Bg7 Nxc4 20.Bxh8 Kf7 21.Rd4 Nd6 22.Be5 a5
23.Re1 g5 24.h4 h6 25.hxg5 hxg5 26.Rg4 Rg8 27.Bxd6 cxd6 28.Rb1 Bc8 29.Rd4 Bf5
30.Rxb6 Rc8 31.Rb5 Kf6 32.c4 Bxc2 33.c5 dxc5 34.Rc4 Bd3 35.Rbxc5 Rb8 36.Rd4  1-0

[Event "Stanitsa Winter 2010"]
[Site "Stanitsa-Luganskaya UKR"]
[Date "2010.12.20"]
[Round "9"]
[White "Kiselev,Vit2"]
[Black "Biriukov,N"]
[Result "1/2-1/2"]
[WhiteElo "2535"]
[BlackElo "2361"]

1.d4 g6 2.e4 Bg7 3.Nc3 d6 4.g3 Nf6 5.Bg2 O-O 6.Nge2 e5 7.O-O Nc6 8.h3 exd4
9.Nxd4 Nxe4 10.Nxc6 Nxc3 11.Nxd8 Nxd1 12.Nxb7 Bxb7 13.Rxd1 Bxg2 14.Kxg2 Rfe8
15.Kf3 Rab8 16.Rb1 Rb5  1/2-1/2

[Event "34th Christmas Master Open"]
[Site "Zuerich SUI"]
[Date "2010.12.27"]
[Round "3"]
[White "Milosevic,Gl"]
[Black "Klauser,M"]
[Result "0-1"]
[WhiteElo "2091"]
[BlackElo "2372"]

1.e4 g6 2.d4 Bg7 3.Nc3 d6 4.g3 Nc6 5.Be3 e5 6.d5 Nce7 7.Bg2 Nf6 8.h3 O-O
9.Nge2 c6 10.O-O cxd5 11.Nxd5 Nfxd5 12.exd5 Nf5 13.Bc1 Bd7 14.a4 Rc8 15.b3 a6
16.Ba3 Re8 17.Rc1 Bh6 18.Ra1 Qc7 19.c4 b5 20.g4 Nh4 21.cxb5 axb5 22.a5 Nxg2
23.Kxg2 Qxa5 24.Bxd6 Qb6 25.Bb4 Bf8 26.Bxf8 Rxf8 27.Qd2 Rfd8 28.Qg5 Qb7 29.Rfd1 Be6
30.Nc3 Bxd5+ 31.Kh2 Qb6 32.Nxd5 Qxf2+ 33.Kh1 Qf3+ 34.Kg1 Rxd5 35.Rxd5 Qxd5
36.Rf1 Rc2 37.Rf2 Qd4  0-1

[Event "27th Christmas Open"]
[Site "Geneva SUI"]
[Date "2010.12.30"]
[Round "7"]
[White "Bertola,N"]
[Black "Gillieron,J"]
[Result "1-0"]
[WhiteElo "1999"]
[BlackElo "1873"]

1.e4 g6 2.d4 Bg7 3.Nc3 d6 4.Be2 a6 5.a4 Nd7 6.Be3 b6 7.Qd2 Bb7 8.f3 e6 9.h4 h5
10.O-O-O Ne7 11.g4 d5 12.gxh5 Rxh5 13.Nh3 Rxh4 14.Bg5 Rh8 15.Nf2 Rxh1 16.Rxh1 Nf8
17.Ng4 dxe4 18.Bf6  1-0

[Event "WSB Masters IM"]
[Site "Wroclaw POL"]
[Date "2010.12.31"]
[Round "7"]
[White "Stoma,P"]
[Black "Kalinin,O"]
[Result "1/2-1/2"]
[WhiteElo "2351"]
[BlackElo "2376"]

1.e4 g6 2.d4 Bg7 3.Nc3 d6 4.Be3 c6 5.Qd2 Nd7 6.O-O-O b5 7.Kb1 Nb6 8.Bd3 Qc7
9.h4 Nf6 10.f3 h6 11.g4 Nfd7 12.Nce2 a6 13.h5 g5 14.Ng3 e6 15.N1e2 Bb7 16.Nc1 c5
17.c3 O-O-O 18.Qf2 c4 19.Bc2 Nf6 20.d5 Nfd7 21.Rd2 Be5 22.Rhd1 Nc5 23.Nge2 Kb8
24.dxe6 fxe6 25.Bxc5 dxc5 26.Rxd8+ Rxd8 27.Rxd8+ Qxd8 28.Qxc5 Nd7 29.Qe3 Qf6
30.a3 Bc7 31.Bd1 Bb6 32.Qd2 Ne5 33.Nd4 Qf7 34.Ka1 Ka7 35.Be2 Qd7 36.Qd1 Ka8
37.Kb1 Bxd4 38.Qxd4 Qxd4 39.cxd4 Nc6 40.Kc2 Nxd4+ 41.Kc3 e5 42.Kb4 Kb8 43.Kc5 Kc7
44.a4 Bc6 45.axb5 axb5 46.Bd1 Ne6+ 47.Kb4 Kd6 48.b3 cxb3 49.Nxb3 Nd4 50.Nd2 Bd7
51.Nf1 Be6 52.Ne3 Bc4 53.Nf5+ Nxf5 54.exf5 Ke7 55.Bc2 Kd6 56.Be4 Bf1 57.Bc2 Be2
58.Be4 Bf1 59.Kc3 Be2 60.Kd2 Bc4 61.Bd3 Bd5 62.Be4 Bf7 63.Kc3 Bc4 64.Bd3 Bd5
65.Be4 Bc4 66.Kb4 Bf1  1/2-1/2

[Event "23rd Staufer-Open"]
[Site "Leinzell GER"]
[Date "2011.01.02"]
[Round "1"]
[White "Havlikova,K"]
[Black "Ottway,C"]
[Result "1/2-1/2"]
[WhiteElo "2297"]
[BlackElo "1863"]

1.e4 g6 2.d4 Bg7 3.Nc3 d6 4.Be3 a6 5.f4 e6 6.Nf3 b6 7.Bd3 Ne7 8.Ne2 c5 9.c3 Nbc6
10.O-O O-O 11.Qe1 f5 12.Rd1 Qc7 13.Bf2 Bb7 14.Ng5 Nd8 15.Ng3 h6 16.Nf3 fxe4
17.Nxe4 d5 18.Ned2 Nf5 19.Ne5 Bxe5 20.fxe5 cxd4 21.cxd4 Nc6 22.Nf3 Qg7 23.Qd2 Rf7
24.a3 g5 25.g4 Nfe7 26.Be3 Raf8 27.Ne1 Ng6 28.Rxf7 Rxf7 29.Bxg6 Qxg6 30.Qd3 Kg7
31.Qxg6+ Kxg6 32.b4 Na7 33.Rc1 Nb5 34.a4 Na3 35.Rc3 Nc4 36.Bc1 Bc6 37.b5 axb5  1/2-1/2

[Event "23rd Staufer-Open"]
[Site "Leinzell GER"]
[Date "2011.01.02"]
[Round "2"]
[White "Latzke,B"]
[Black "Darr,T"]
[Result "1/2-1/2"]
[WhiteElo "2245"]
[BlackElo "2031"]

1.d4 g6 2.e4 Bg7 3.Nc3 d6 4.Be3 a6 5.f4 b5 6.Bd3 Bb7 7.Nf3 Nd7 8.O-O c5 9.e5 Nh6
10.exd6 exd6 11.Bf2 O-O 12.Be4 Bxe4 13.Nxe4 Qc7 14.c3 Ng4 15.Qd3 Nxf2 16.Rxf2 Nf6
17.Nxf6+ Bxf6 18.Ng5 cxd4 19.cxd4 Qc4 20.Rd1 Qxd3 21.Rxd3 Rfe8 22.g3 Rac8
23.Kg2 Kg7 24.Rfd2 Bxg5 25.fxg5 h6 26.gxh6+ Kxh6 27.Ra3 Ra8 28.Rc2 Re4 29.Rd3 d5
30.Kf3 Rae8 31.h4 R8e6 32.b4 f5 33.Rc5 Rd6 34.Rc7 g5 35.hxg5+ Kxg5 36.Rc5 Kg6
37.Rd2 Kg5 38.a3 Kg6 39.Rc8 Kg7 40.Rdc2 Rxd4 41.R2c7+ Kf6 42.Rc6 Ke6 43.Re8+ Kd7
44.Rcc8 Rc4 45.Rcd8+ Kc7 46.Rc8+ Kd7 47.Rcd8+  1/2-1/2

[Event "WSB Masters GM"]
[Site "Wroclaw POL"]
[Date "2011.01.02"]
[Round "9"]
[White "Wieczorek,O"]
[Black "Butkiewicz,L"]
[Result "0-1"]
[WhiteElo "2330"]
[BlackElo "2408"]

1.e4 d6 2.d4 g6 3.Nc3 Bg7 4.f4 Nf6 5.Nf3 O-O 6.Bd3 Na6 7.O-O c5 8.d5 Bg4
9.Bc4 Nc7 10.h3 Bxf3 11.Qxf3 e6 12.dxe6 Nxe6 13.Nd5 b5 14.Nxf6+ Qxf6 15.Bd5 Rae8
16.c3 Nc7 17.Bb3 Qe7 18.Bc2 f5 19.exf5 gxf5 20.Bd2 d5 21.Rae1 Qd7 22.g4 fxg4
23.hxg4 d4 24.Qh3 h6 25.f5 dxc3 26.Bxc3 Bxc3 27.Qxc3 Qg7 28.Qxg7+ Kxg7 29.Kf2 Nd5
30.Be4 Nf6 31.Bf3 Rd8 32.Re2 Rd4 33.Kg3 c4 34.a3 Rf7 35.Rfe1 Rd3 36.Re3 Rd2
37.R1e2 Rfd7 38.Rxd2 Rxd2 39.Re7+ Kf8 40.Rxa7 Rxb2 41.Kf4 c3 42.Ke5 Ne8 43.Ra6 Ra2
44.Bd5 Ra1 45.Rxh6 c2 46.f6 Re1+ 47.Be4 Rxe4+  0-1

[Event "WSB Masters IM"]
[Site "Wroclaw POL"]
[Date "2011.01.02"]
[Round "9"]
[White "Malinovsky,K"]
[Black "Walentukiewicz,M"]
[Result "1-0"]
[WhiteElo "2339"]
[BlackElo "2073"]

1.e4 g6 2.d4 Bg7 3.Nc3 d6 4.f4 Nf6 5.Nf3 O-O 6.Be2 Bg4 7.O-O c6 8.h3 Bxf3
9.Bxf3 Nfd7 10.e5 d5 11.Qe1 e6 12.Be3 Qe7 13.Bf2 a6 14.Bh4 Qe8 15.a4 c5 16.dxc5 Nxc5
17.b4 Ncd7 18.Nd1 Nc6 19.Ne3 Nd4 20.Bd1 b5 21.c3 Nc6 22.Be2 Rb8 23.Bd3 Qc8
24.Nc2 Qb7 25.Bf2 Rfc8 26.axb5 axb5 27.Na3 Na7 28.Bxa7 Qxa7+ 29.Kh1 Bf8 30.Nxb5 Qb6
31.Rf2 Ra8 32.Rfa2 Rxa2 33.Rxa2 Nb8 34.Qg1 Qxg1+ 35.Kxg1 Nc6 36.Ra4 d4 37.Nxd4 Nxd4
38.cxd4 Rd8 39.b5 Rxd4 40.Rxd4 Bc5 41.Kf2 Bxd4+ 42.Kf3 h5 43.g3 Kf8 44.Be4 Ke7
45.Bc6 Bb6 46.Ke2 Kd8 47.Bf3 Ke7 48.h4 Kd8 49.Be4 Ke7 50.Kf3 Bc5 51.Bc2 Bb6
52.Bd1 Bc5 53.Ke4 Bb6 54.Kf3 Bc5 55.Bc2 Bb6 56.g4 hxg4+ 57.Kxg4 Bc5 58.Kg5 Be3
59.Bd3 Bf2 60.Bc4 Be3 61.Bb3 Bf2 62.Bd1 Be3 63.Be2 Bf2 64.h5 gxh5 65.Bxh5 Bb6
66.Bd1 Bc5 67.Bb3 Bb6 68.f5 Bc5 69.Kf4 Bb6 70.Ke4 Bc5 71.Bd1 Bb6 72.Bh5 Bc5
73.Kf4 Bb6 74.f6+ Kf8 75.Ke4 Kg8 76.Bf3 Kf8 77.Kf4 Kg8 78.Bg4 Kf8 79.Bh3 Kg8
80.Kg5 Bc5 81.Bxe6 fxe6 82.Kg6 Kf8 83.f7 Bb6 84.Kf6 Bc7 85.Kxe6 Bb8 86.b6  1-0

[Event "Rilton Cup 2010-11"]
[Site "Stockholm SWE"]
[Date "2011.01.03"]
[Round "7"]
[White "Azizi,H"]
[Black "Olund Joar"]
[Result "0-1"]
[WhiteElo "2140"]
[BlackElo "2035"]

1.e4 g6 2.d4 Bg7 3.Nc3 d6 4.Be3 a6 5.a4 Nf6 6.f3 Nc6 7.Bc4 b6 8.Nge2 Bb7
9.Qd2 h6 10.O-O e6 11.Rae1 Kf8 12.h3 Ne7 13.Ng3 d5 14.Bb3 Rc8 15.Nce2 Kg8
16.e5 Nd7 17.c3 c5 18.Nf4 Qc7 19.Nh1 Qc6 20.Nf2 Nf5 21.Ne2 f6 22.exf6 Bxf6
23.Ng4 Bg7 24.Nf4 Kh7 25.Bf2 Rhe8 26.Rxe6 Rxe6 27.Bxd5 Qxd5 28.Nxd5 Bxd5
29.dxc5 Bc6 30.cxb6 Bxa4 31.b3 Bc6 32.c4 h5 33.Nh2 Rd6 34.Qa5 Bb7 35.Kh1 Nd4
36.Qa3 Rcc6 37.Rd1 Rxb6 38.c5 Rxb3 39.Qc1 Rd5  0-1

[Event "118th ch-NZL 2011"]
[Site "Auckland NZL"]
[Date "2011.01.05"]
[Round "4.10"]
[White "Milligan,H"]
[Black "Bennett,H"]
[Result "1/2-1/2"]
[WhiteElo "2048"]
[BlackElo "1974"]

1.e4 g6 2.d4 Bg7 3.Nc3 d6 4.Nf3 a6 5.a4 b6 6.Bc4 e6 7.Be3 Ne7 8.Qd2 h6 9.O-O Nd7
10.h3 Bb7 11.Rae1 Kf8 12.d5 e5 13.Nh2 g5 14.Be2 Nf6 15.Ng4 Nxg4 16.Bxg4 Bc8
17.Qe2 Bxg4 18.Qxg4 Qc8 19.Qxc8+ Rxc8 20.Rd1 Kg8 21.f3 Kh7 22.Ne2 Rhf8 23.g4 Ng6
24.c3 Nf4 25.Nxf4 exf4  1/2-1/2

[Event "1st HDBank Cup"]
[Site "Ho Chi Minh City VIE"]
[Date "2011.01.05"]
[Round "4.24"]
[White "Xu Huahua"]
[Black "Shen Siyuan"]
[Result "1/2-1/2"]
[WhiteElo "2104"]
[BlackElo "2374"]

1.d4 g6 2.e4 d6 3.Nc3 Bg7 4.Be3 a6 5.Bc4 b5 6.Bb3 Bb7 7.f3 Nd7 8.Nge2 c5
9.Bd5 Bxd5 10.Nxd5 e6 11.Ndc3 Ne7 12.O-O Qc7 13.Rc1 Nb6 14.b3 O-O 15.Nb1 c4
16.c3 a5 17.Na3 d5 18.Qd2 Qc6 19.Ng3 cxb3 20.axb3 a4 21.c4 bxc4 22.bxc4 Nxc4
23.Nxc4 dxc4 24.Qb4 Qd7 25.Rxc4 Rfb8 26.Qc3 Rb3 27.Qc1 a3 28.Rc7 Qd8 29.Rc3 Rxc3
30.Qxc3 a2 31.Ra1 Qb6 32.Ne2 Nc6 33.e5 Nb4 34.Qb3 Qa6 35.Nc1 Qa3 36.Qxa3 Rxa3
37.Bd2 Nc2 38.Rxa2 Rxa2 39.Nxa2 Nxd4 40.f4 g5 41.Kf2 gxf4 42.Bxf4 Nc6 43.Nc1 Nxe5
44.Bxe5 Bxe5 45.g3 Kg7 46.Ke3 Kg6 47.Nd3 Bd6 48.Kf3 f5 49.g4 fxg4+ 50.Kxg4 Bxh2
51.Nc5 e5 52.Nd3 e4 53.Nf2 e3 54.Kf3 exf2 55.Kxf2 Kg5 56.Kg2 Bb8 57.Kh1  1/2-1/2

[Event "23rd Staufer-Open"]
[Site "Leinzell GER"]
[Date "2011.01.05"]
[Round "8"]
[White "Gruenter,M"]
[Black "Darr,T"]
[Result "1/2-1/2"]
[WhiteElo "2210"]
[BlackElo "2031"]

1.e4 g6 2.d4 Bg7 3.Nc3 d6 4.Bc4 a6 5.Nf3 b5 6.Bb3 h6 7.O-O Bb7 8.Qe2 Nd7
9.Rd1 e6 10.a4 b4 11.Nb1 Ne7 12.c3 bxc3 13.bxc3 c5 14.Nbd2 O-O 15.Ba3 Qc7
16.Rab1 Rab8 17.h3 Rfd8 18.Qe3 Ba8 19.Ne1 Rbc8 20.Nd3 cxd4 21.cxd4 Nc6 22.Nf3 Nf6
23.Rdc1 Qd7 24.Bd1 Na5 25.Nd2 Bf8 26.Bb4 Nc6 27.Bc3 Bg7 28.Nb4 Nxb4 29.Bxb4 Rxc1
30.Rxc1 Qb7 31.Ba5 Rc8 32.Rb1 Qc6 33.Rb6 Qc1 34.Rb1 Qc6 35.f3 Nd7 36.Qd3 Kh7
37.Kf2 e5 38.Bb3 exd4 39.Bd5  1/2-1/2

[Event "23rd Staufer-Open"]
[Site "Leinzell GER"]
[Date "2011.01.06"]
[Round "9"]
[White "Wettengel,A"]
[Black "Knickel,A"]
[Result "1-0"]
[WhiteElo "2105"]
[BlackElo "2178"]

1.e4 g6 2.d4 d6 3.Nc3 Bg7 4.Be3 a6 5.Qd2 b5 6.f4 Bb7 7.Bd3 Nf6 8.e5 Ng4 9.Nf3 Nxe3
10.Qxe3 e6 11.d5 O-O 12.dxe6 fxe6 13.O-O d5 14.Ng5 Qe8 15.Qh3 h6 16.Qxe6+ Kh8
17.Qxe8 Rxe8 18.Bxg6 Re7 19.Nf3 Nd7 20.Nh4 b4 21.Nf5 Re6 22.Bf7  1-0

[Event "1st HDBank Cup"]
[Site "Ho Chi Minh City VIE"]
[Date "2011.01.07"]
[Round "6.29"]
[White "Le Thanh Tai"]
[Black "Nguyen Minh Tuan"]
[Result "1-0"]
[WhiteElo "1825"]
[BlackElo "2106"]

1.e4 g6 2.d4 Bg7 3.Nc3 d6 4.f4 e6 5.Nf3 Ne7 6.Bd3 b6 7.O-O O-O 8.e5 d5 9.Ne2 c5
10.c3 Nbc6 11.Be3 cxd4 12.cxd4 Nb4 13.Bb1 Ba6 14.a3 Nbc6 15.Bd3 Bxd3 16.Qxd3 Na5
17.b3 Qd7 18.Bd2 Rfc8 19.Bxa5 bxa5 20.Nc3 Bf8 21.Rfc1 Nf5 22.g4 Nh6 23.h3 Rab8
24.Nd2 Qd8 25.Kg2 f6 26.exf6 Qxf6 27.Ne2 Rxc1 28.Rxc1 Bxa3 29.Rc6 Nf7 30.Qa6 Re8
31.Qxa7 Bd6 32.Rc1 Bxf4 33.Nxf4 Qxf4 34.Rf1 Qxd2+ 35.Rf2 Qxf2+ 36.Kxf2 Ng5
37.h4 Ne4+ 38.Ke3 h6 39.Qxa5 g5 40.hxg5 Nxg5 41.b4 Rf8 42.b5 Rf3+ 43.Ke2  1-0

[Event "Berkeley Int Open"]
[Site "Berkeley USA"]
[Date "2011.01.08"]
[Round "10"]
[White "Shivaji,S1"]
[Black "Ginsburg,M"]
[Result "0-1"]
[WhiteElo "2303"]
[BlackElo "2393"]

1.e4 g6 2.d4 Bg7 3.Nc3 d6 4.Bg5 c6 5.Qd2 b5 6.f4 Nf6 7.Bd3 b4 8.Nd1 Qb6 9.c3 e5
10.fxe5 dxe5 11.Nf3 exd4 12.cxd4 Ba6 13.O-O Bxd3 14.Qxd3 O-O 15.Nf2 Nbd7
16.Kh1 Rac8 17.Nd2 Nh5 18.Nb3 c5 19.Qh3 Qe6 20.Qxe6 fxe6 21.dxc5 Bxb2 22.Rad1 Ne5
23.Be7 Rf7 24.Bd6 Nc6 25.Ng4 Rxf1+ 26.Rxf1 a5 27.Nd2 Bg7 28.e5 a4 29.Nf6+ Nxf6
30.exf6 Bf8 31.Ne4 h6 32.g4 Ra8 33.g5 h5 34.Rb1 e5 35.Nd2 Kf7 36.Nc4 Bxd6
37.cxd6 Rd8 38.Kg2 Ke6 39.Kf3 Kd5 40.Nb6+ Kxd6 41.Ke4 a3 42.Rd1+ Ke6 43.Nd5 b3
44.axb3 a2 45.Nc7+ Kf7 46.Nd5 Nb4 47.Nxb4 Rxd1 48.Nxa2 Ke6 49.Nc3 Rd4+ 50.Ke3 Rh4
51.Ne4 Rh3+ 52.Kd2 Rxh2+ 53.Kd3 h4 54.Nc5+ Kd5 55.Ke3 Rh3+ 56.Ke2 e4 57.Nd7 Rf3  0-1

[Event "TCh-NED Meesterklasse 2010-11"]
[Site "Netherlands NED"]
[Date "2011.01.08"]
[Round "5.8"]
[White "Abeln,M"]
[Black "Pel,B"]
[Result "1-0"]
[WhiteElo "2324"]
[BlackElo "2294"]

1.d4 d6 2.e4 g6 3.Nc3 Bg7 4.Be3 a6 5.f4 b5 6.Bd3 Bb7 7.Nf3 Nd7 8.e5 c5 9.Be4 Bxe4
10.Nxe4 Nh6 11.c3 cxd4 12.cxd4 Nb6 13.O-O O-O 14.Qb3 Rc8 15.Rfe1 Nc4 16.Bf2 Qb6
17.h3 Qb7 18.Re2 Rfd8 19.Qb4 a5 20.Qe1 b4 21.b3 Na3 22.exd6 exd6 23.Bh4 Nf5
24.Bxd8 Rxd8 25.Ng3 Nxg3 26.Qxg3 Qb6 27.Rae1 Bxd4+ 28.Nxd4 Qxd4+ 29.Qf2 Qxf2+
30.Kxf2 Kf8 31.Rd2 Nb5 32.Rd5 Rb8 33.g4 h6 34.Kg3 Rb6 35.h4 a4 36.bxa4 Nc3
37.Ra5 Nxa2 38.g5 hxg5 39.hxg5 Rb8 40.Rb5 Ra8 41.a5 Nc3 42.Rxb4 d5 43.Ra1 d4
44.a6  1-0

[Event "9th Parsvnath Open"]
[Site "New Delhi IND"]
[Date "2011.01.08"]
[Round "2.28"]
[White "Lamorelle,J"]
[Black "Dzhumaev,M"]
[Result "1-0"]
[WhiteElo "2342"]
[BlackElo "2493"]

1.e4 g6 2.d4 Bg7 3.Nc3 d6 4.f4 b6 5.Nf3 c5 6.dxc5 dxc5 7.Qxd8+ Kxd8 8.Bc4 e6
9.e5 Bb7 10.Ng5 Ke7 11.Nb5 Bxg2 12.Rg1 Bc6 13.Nc7 Nh6 14.Be3 Nf5 15.Kf2 Nd7
16.Nxa8 Bxa8 17.Rgd1 Nb8 18.a4 Nc6 19.a5 h6 20.Nf3 Nxe3 21.Kxe3 Nxa5 22.Bb5 Rc8
23.Rd7+ Kf8 24.Rxa7 f5 25.exf6  1-0

[Event "36th Open"]
[Site "Seville ESP"]
[Date "2011.01.09"]
[Round "3"]
[White "Campora,D"]
[Black "Diaz Castro,Ser1"]
[Result "1-0"]
[WhiteElo "2488"]
[BlackElo "2207"]

1.e4 g6 2.d4 Bg7 3.Nc3 d6 4.Be3 c6 5.Qd2 b5 6.f4 Nf6 7.e5 Ng4 8.Nf3 Nxe3
9.Qxe3 O-O 10.O-O-O Qa5 11.Kb1 b4 12.Ne4 Be6 13.b3 Rd8 14.Be2 Na6 15.Nfg5 Nc7
16.h4 c5 17.Nxe6 fxe6 18.h5 cxd4 19.Qh3 dxe5 20.hxg6 exf4 21.Qxh7+ Kf8 22.Rdf1 Nd5
23.Rh4 Qc7 24.Bd3 e5 25.g3 e6 26.gxf4 exf4 27.Nc5 Qe5 28.Rhxf4+ Nxf4 29.Rxf4+ Ke8
30.Re4 Qxc5 31.Qxg7 Rd7 32.Qg8+  1-0

[Event "36th Open"]
[Site "Seville ESP"]
[Date "2011.01.10"]
[Round "4"]
[White "Bellia,F"]
[Black "Abbasov,F"]
[Result "1/2-1/2"]
[WhiteElo "2417"]
[BlackElo "2537"]

1.e4 g6 2.d4 Bg7 3.Nc3 d6 4.f4 c6 5.Nf3 Bg4 6.Be3 Qb6 7.Qd2 Qxb2 8.Rb1 Qa3
9.Rxb7 Nf6 10.Bd3 Nfd7 11.Rb3 Qa5 12.O-O Nb6 13.Ne2 Qxd2 14.Nxd2 N8d7 15.h3 Bxe2
16.Bxe2 O-O 17.Nf3 Rfc8 18.c3 c5 19.Rfb1 cxd4 20.cxd4 d5 21.e5 Nc4 22.Bxc4 dxc4
23.Rb5 e6 24.d5 exd5 25.Rxd5 Nb6 26.Rc5 Bf8 27.Rxc8 Rxc8 28.Nd4 Nd5 29.Nc2 Nxe3
30.Nxe3 Bc5 31.Kf2 Rd8 32.Rb5 Rd2+ 33.Kf3 Bxe3 34.Kxe3 Rxa2 35.Rc5 Rxg2 36.Rxc4 Rg3+
37.Ke4 Rxh3 38.Rc8+ Kg7 39.Rc7 Rh1 40.Rxa7 h5 41.Kf3 Rf1+ 42.Kg3 g5 43.fxg5 Kg6
44.Ra6+ Kxg5 45.e6 f6  1/2-1/2

[Event "Magic Valley IM"]
[Site "Rodatychi UKR"]
[Date "2011.01.13"]
[Round "5"]
[White "Vetoshko,V"]
[Black "Ianov,V"]
[Result "1-0"]
[WhiteElo "2181"]
[BlackElo "2329"]

1.e4 d6 2.d4 g6 3.Nc3 Bg7 4.Bg5 Nd7 5.f4 c5 6.d5 a6 7.a4 Qa5 8.Qd2 b5 9.Nd1 b4
10.Nf3 Bb7 11.Ne3 Nb6 12.Ra2 Nf6 13.Bxf6 Bxf6 14.Nc4 Nxc4 15.Bxc4 Qc7 16.a5 O-O
17.O-O Bg7 18.f5 Bc8 19.g4 Kh8 20.Qg5 gxf5 21.exf5 Bb7 22.Qh5 Bd4+ 23.Kh1 f6
24.Nh4 Kg7 25.Ng6 Rg8 26.Nf4 Bc8 27.Rf3 Be5 28.Ne6+ Bxe6 29.fxe6 Raf8 30.Rh3 Rh8
31.Bd3 f5 32.Qg5+  1-0

[Event "Marienbad Open"]
[Site "Marianske Lazne CZE"]
[Date "2011.01.17"]
[Round "3"]
[White "Von Hassel,U"]
[Black "Bartos,J"]
[Result "0-1"]
[WhiteElo "2094"]
[BlackElo "2203"]

1.e4 g6 2.d4 Bg7 3.Nc3 d6 4.Be3 a6 5.Qd2 Nd7 6.h4 h6 7.f3 b5 8.Nge2 Bb7 9.a3 c6
10.Nc1 Nb6 11.b3 Qc7 12.Nd3 Nf6 13.a4 Nfd7 14.a5 Nc8 15.b4 e5 16.dxe5 Nxe5
17.Nxe5 Bxe5 18.f4 Bf6 19.Rd1 Qe7 20.g3 O-O 21.Bg2 Qe6 22.O-O Qc4 23.Ne2 c5
24.f5 Bxe4 25.Bxh6 Bxg2 26.Kxg2 Re8 27.Rf2 Qxb4 28.fxg6 Qe4+ 29.Kh2 fxg6
30.Nc3 Qd4 31.Nd5 Be5 32.Qxd4 Bxd4 33.Rf3 Re2+ 34.Kh3 Ne7 35.Rxd4 cxd4 36.Nf6+ Kh8
37.g4 Rc8 38.h5 Rc3 39.Kg3 Rexc2 40.Bf8 Rxf3+ 41.Kxf3 Ng8 42.Ne4 gxh5 43.g5 Kh7
44.Kf4 Kg6 45.Bxd6 d3 46.Ke3 d2 47.Nxd2 Kxg5 48.Ne4+ Kf5 49.Nc5 Ra2 50.Bc7 Nf6
51.Bb6 h4  0-1

[Event "Marienbad Open"]
[Site "Marianske Lazne CZE"]
[Date "2011.01.18"]
[Round "4"]
[White "Yakimenko,Alex"]
[Black "Neuman,P"]
[Result "1-0"]
[WhiteElo "2207"]
[BlackElo "2476"]

1.d4 d6 2.e4 g6 3.Nc3 Bg7 4.Be3 a6 5.Qd2 Nd7 6.Bd3 c5 7.Nce2 b5 8.c3 Bb7
9.Nh3 Ngf6 10.f3 O-O 11.O-O e5 12.d5 Nb6 13.b3 Bc8 14.Nf2 Ne8 15.Rae1 Kh8
16.c4 b4 17.g4 Bf6 18.Ng3 Ng7 19.g5 Be7 20.Ng4 Bxg4 21.fxg4 Nd7 22.Nf5 gxf5
23.exf5 f6 24.g6 hxg6 25.fxg6 f5 26.gxf5 Bh4 27.Qg2 Bxe1 28.Bg5 Qxg5 29.Qxg5 Nf6
30.Rxe1 Kg8 31.Re3 e4 32.Be2 Nfe8 33.Bg4 Nf6 34.Be2 Nfe8 35.Qh6 Rxf5 36.Rxe4 Re5
37.Rf4  1-0

[Event "3rd Chennai Open"]
[Site "Chennai IND"]
[Date "2011.01.22"]
[Round "7"]
[White "Shyam,N"]
[Black "Dzhumaev,M"]
[Result "1/2-1/2"]
[WhiteElo "2381"]
[BlackElo "2493"]

1.e4 g6 2.d4 Bg7 3.Nc3 d6 4.Be3 a6 5.Qd2 Nd7 6.f3 b5 7.a4 b4 8.Nd1 Rb8 9.a5 Ngf6
10.Ne2 O-O 11.Bh6 e5 12.h4 exd4 13.Bxg7 Kxg7 14.Qxd4 Ne5 15.Ne3 c5 16.Qd2 Bb7
17.Nf4 Re8 18.Be2 Nc6 19.O-O Nd4 20.Bc4 d5 21.Nfxd5 Nxd5 22.Nxd5 Qxh4 23.Qf2 Qxf2+
24.Rxf2 Rbc8 25.c3 Nc6 26.Nb6 Rc7 27.Bd5 Ne5 28.Bxb7 Rxb7 29.cxb4 cxb4 30.Rd2 Rc7
31.Nd5 Rb7 32.Rc1 Rd8 33.Rc5 b3 34.Rd4 Rd6 35.Kf1 f5 36.exf5 Nd7 37.Rcc4 Ne5
38.Rc5 Nd7 39.Rc3 Rb5 40.Nf4 Rxd4 41.Ne6+ Kf6 42.Nxd4 Rxa5 43.fxg6 hxg6 44.Nxb3 Rb5
45.Rc6+ Kg5 46.Nd4 Rxb2 47.Rxa6 Nb6 48.Ra5+ Kf6 49.Rc5 Nd7 50.Rc6+ Kf7 51.Kg1 Ne5
52.Rc3 Rd2 53.Nb3 Rb2 54.Nc5 g5 55.Ne4 g4 56.f4 Ng6 57.g3 Ne7 58.Nf2 Nd5
59.Rd3 Nf6 60.Kf1 Ke6 61.Ke1 Ra2 62.Rd2 Ra3 63.Rc2 Rxg3 64.Rc6+ Ke7 65.Kf1 Rf3
66.Kg2 Rxf4 67.Nd3 Re4 68.Rc2 Kf7 69.Nf2 Rf4 70.Ra2 Kg6 71.Ra5 Rd4 72.Kg3 Nh5+
73.Kg2 Rd2 74.Ra6+ Kg5 75.Ra5+ Kh4 76.Ra4 Nf6 77.Rf4 Kg5 78.Ra4 Re2 79.Ra5+ Kh4
80.Ra4 Rb2 81.Rf4 Kg5 82.Ra4 Rb5 83.Ne4+ Nxe4 84.Rxe4 Rb2+ 85.Kg3 Rb3+ 86.Kg2 Kh4
87.Re2  1/2-1/2

[Event "TCh-CZE 2010-11"]
[Site "Czech Rep CZE"]
[Date "2011.01.23"]
[Round "7.6"]
[White "Sodoma,J"]
[Black "Michalek,J"]
[Result "1-0"]
[WhiteElo "2348"]
[BlackElo "2335"]

1.d4 g6 2.e4 d6 3.Nc3 Bg7 4.Be3 a6 5.a4 b6 6.g3 Bb7 7.Bg2 Nd7 8.Qd2 c5 9.Nge2 cxd4
10.Bxd4 Ngf6 11.Nd5 e5 12.Be3 Bxd5 13.exd5 O-O 14.Qb4 Qc7 15.O-O Rfc8 16.Rfc1 h5
17.h3 Kh7 18.b3 Nc5 19.Qh4 Kg8 20.b4 Ncd7 21.c4 e4 22.a5 bxa5 23.Rxa5 Re8
24.Nd4 Ne5 25.Bxe4 Nxe4 26.Qxe4 Ng4 27.Qf3 Nxe3 28.fxe3 Bh6 29.Rc3 Qb6 30.Nc2 Bg7
31.c5 dxc5 32.Rcxc5 Rac8 33.Rc6 Rxc6 34.dxc6 Qd8 35.Rd5 Qc8 36.Rd7  1-0

[Event "23rd MGU Open"]
[Site "Sofia BUL"]
[Date "2011.01.23"]
[Round "5.2"]
[White "Sirkova,D"]
[Black "Karastoyanov,Mihail"]
[Result "1-0"]
[WhiteElo "2102"]
[BlackElo "2049"]

1.e4 d6 2.d4 g6 3.Nc3 Bg7 4.Be3 c6 5.a4 a5 6.h3 Nf6 7.g4 h5 8.g5 Nfd7 9.f4 Nf8
10.Nf3 d5 11.Bd3 Na6 12.exd5 cxd5 13.Ne5 e6 14.Na2 Nd7 15.Nxg6 fxg6 16.Bxg6+ Kf8
17.Bxh5 Nb6 18.b3 Kg8 19.h4 Bf8 20.Qd3 Qc7 21.c3 Qg7 22.Bg4 Bd7 23.h5 Rh7
24.Kd2 Nc8 25.h6 Qe7 26.f5 exf5 27.Bxf5 Bxf5 28.Qxf5 Qe4 29.Qxe4 dxe4 30.g6 Rd7
31.Bg5 Rd6 32.g7 Bxg7 33.hxg7 Kxg7 34.Rag1 Rg6 35.Bh6+ Kf7 36.Rf1+ Rf6 37.Bf4 Nb6
38.Be5 Rxf1 39.Rxf1+ Ke7 40.Rh1 Rf8 41.Rh7+ Rf7 42.Rh2 Nd5 43.c4 Ndb4 44.Nc3 Nc6
45.Bh8 Rf3 46.d5 Ncb4 47.Re2 Rd3+ 48.Ke1 e3 49.Nd1 Rxb3 50.Nxe3 Nd3+ 51.Kd2 Nac5
52.Nf5+ Kf7 53.Nd4 Rb2+ 54.Ke3 Rb1 55.Nb5 Rh1 56.Bc3 b6 57.Nd6+ Kg6 58.Rg2+ Kh5
59.Nf7 Rc1 60.Bf6 Rf1 61.Rg5+ Kh4 62.Rf5+  1-0

[Event "ch-AZE"]
[Site "Baku AZE"]
[Date "2011.01.25"]
[Round "5.4"]
[White "Guseinov,G"]
[Black "Abbasov,F"]
[Result "0-1"]
[WhiteElo "2591"]
[BlackElo "2537"]

1.e4 g6 2.d4 Bg7 3.Nc3 d6 4.Nf3 Nf6 5.Be2 Bg4 6.O-O O-O 7.Re1 Nc6 8.d5 Bxf3
9.Bxf3 Ne5 10.Be2 c6 11.a4 a5 12.Ra3 Qc7 13.Bf1 Ned7 14.Be3 Nc5 15.e5 Nxd5
16.Nxd5 cxd5 17.Qxd5 Bxe5 18.Bh6 Rfc8 19.Rf3 e6 20.Qc4 Qe7 21.c3 d5 22.Qb5 Bg7
23.Bxg7 Kxg7 24.b4 Ne4 25.bxa5 Nxc3 26.Qb6 Ne4 27.h4 h5 28.a6 bxa6 29.Bxa6 Rc5
30.g3 Qc7 31.Qb2+ Kg8 32.Bd3 Rxa4 33.Bxe4 Rxe4 34.Ra1 d4 35.Ra8+ Kg7 36.Qa3 Qc6
37.Rd8 Rc1+ 38.Kg2 Re3 39.fxe3 Rc2+ 40.Kh3 Qxf3  0-1